Statystyki dla Europejskie linie lotnicze

Kliknij tutaj aby rozwiązać quiz!

Ogólne statystyki

  • Ten quiz został rozwiązany 620 razy
  • Średni wynik to 17 z 44

Statystyki odpowiedzi

Kraj pochodzeniaNazwa lini% Poprawnych
PolskaLot Polish Airlines
99%
NiemcyLufthansa
82%
IrlandiaRyanair
78%
WęgryWizzair
74%
Wielka BrytaniaBritish Airways
73%
FrancjaAir France
70%
HolandiaKLM Royal Dutch Airlines
66%
TurcjaTurkish Airlines
66%
SzwajcariaSwiss
58%
NorwegiaNorwegian
57%
RosjaAeroflot
56%
FinlandiaFinnair
54%
AustriaAustrian Airlines
49%
SkandynawiaSAS
49%
Wielka BrytaniaEasyJet
45%
ŁotwaAir Baltic
43%
HiszpaniaIberia
43%
PortugaliaTAP Portugal
43%
WłochyAlitalia
41%
CzechyCeske aerolinie
41%
MaltaAir Malta
34%
BiałoruśBelavia
34%
BelgiaBrussels Airlines
30%
ChorwacjaCroatia Airlines
30%
IslandiaIcelandair
30%
CzechySmartwings
30%
IrlandiaAer Lingus
29%
SerbiaAir Serbia
29%
BułgariaBulgaria Air
28%
UkrainaUkraine International
28%
NiemcyEurowings
26%
RosjaS7 Airlines
25%
LuksemburgLuxair
24%
BelgiaAir Belgium
23%
MołdawiaAir Moldova
23%
RumuniaTAROM
21%
HiszpaniaAir Europa
19%
AustriaLaudamotion
18%
RosjaRossija
17%
CzarnogóraMontenegro Airlines
16%
EstoniaNordica
16%
RosjaPobeda
10%
RumuniaBlue Air
9%
SłoweniaAdria Airlines
4%

Rozkład punktacji

Percentyl według liczby udzielonych odpowiedzi

Procent ludzi z każdym wynikiem

Twoja historia wyników

Nie rozwiązałeś tego quizu